|
|
|
|
| LEADER |
00845cam a2200241 7i4500 |
| 001 |
0000035944 |
| 005 |
20190327090000.0 |
| 007 |
##ta |
| 008 |
190327t20182018et a b 000 0 eng d |
| 020 |
# |
# |
|a 9789211251340
|
| 040 |
# |
# |
|a MATR
|
| 090 |
0 |
0 |
|a AFRI 338.90096
|b AFR
|
| 245 |
0 |
0 |
|a 2018 Africa Sustainable Development Report :
|b Towards a Transformed and Resilient Continent.
|
| 264 |
# |
4 |
|a ♭2018.
|
| 264 |
# |
1 |
|a Addis Ababa, Ethiopia:
|b Publications Section, Economic Commission for Africa,
|c 2018.
|
| 300 |
# |
# |
|a xx, 134 pages:
|b illustrations;
|c 30 cm.
|
| 336 |
# |
# |
|a text
|2 rdacontent
|
| 337 |
# |
# |
|a unmediated
|2 rdamedia
|
| 338 |
# |
# |
|a volume
|2 rdacarrier
|
| 504 |
# |
# |
|a Includes bibliographical references
|
| 650 |
# |
0 |
|a Sustainable development --
|z Africa
|
| 710 |
2 |
# |
|a United Nations
|
| 999 |
|
|
|a 0000040509
|b Book
|c Regions
|e Business Information Centre
|